Central Library OPAC University of Rajshahi

The HarperCollins dictionary of philosophy / (Record no. 45244)

MARC details
000 -LEADER
fixed length control field 00896nam a2200277 a 4500
001 - CONTROL NUMBER
control field 45244
003 - CONTROL NUMBER IDENTIFIER
rucl marc code BD-RjUL
005 - DATE AND TIME OF LATEST TRANSACTION
control field 20211209054002.0
008 - FIXED-LENGTH DATA ELEMENTS--GENERAL INFORMATION
fixed length control field 160725s1992 nyu d 000 0 eng d
020 ## - INTERNATIONAL STANDARD BOOK NUMBER
International Standard Book Number 006271564X :
Terms of availability 25.00 ( 33.50 Can.)
International Standard Book Number 0064610268 (pbk.)
035 ## - SYSTEM CONTROL NUMBER
System control number (BD-RjUL)45362
040 ## - CATALOGING SOURCE
Original cataloging agency OCP
Transcribing agency OCP
Modifying agency WTU
-- CAV
-- MYG
-- BD-RjUL
Language of cataloging eng
041 ## - LANGUAGE CODE
Language code of text/sound track or separate title eng
082 ## - DEWEY DECIMAL CLASSIFICATION NUMBER
Edition number 23
Classification number 103
Author mark and year ANH 1992
100 1# - MAIN ENTRY--PERSONAL NAME
Personal name Angeles, Peter Adam,
Dates associated with a name 1931-
9 (RLIN) 138592
245 14 - TITLE STATEMENT
Title The HarperCollins dictionary of philosophy /
Statement of responsibility, etc. Peter A. Angeles ; series editor, Eugene Ehrlich.
250 ## - EDITION STATEMENT
Edition statement 2nd ed. ;
260 ## - PUBLICATION, DISTRIBUTION, ETC. (IMPRINT)
Place of publication, distribution, etc. New York :
Name of publisher, distributor, etc. HarperPerennial,
Date of publication, distribution, etc. c1992.
300 ## - PHYSICAL DESCRIPTION
Pagination vii, 342 p. ;
Size 21 cm.
500 ## - GENERAL NOTE
General note Spine title: Philosophy.
General note First ed. published as: Dictionary of philosophy.
650 #0 - SUBJECT ADDED ENTRY--TOPICAL TERM
Topical term or geographic name as entry element Philosophy
Form subdivision Dictionaries.
9 (RLIN) 117036
Form subdivision Philosophy
9 (RLIN) 138593
942 ## - ADDED ENTRY ELEMENTS (KOHA)
Source of classification or shelving scheme Dewey Decimal Classification
Koha item type Books
Holdings
Lost status Source of classification or shelving scheme Damaged status Not for loan Collection code Permanent Location Current Location Shelving location Date acquired Source of acquisition Cost, normal purchase price Total Checkouts Full call number Date last seen Copy number Koha item type
  Dewey Decimal Classification     Non-fiction Central Library, University of Rajshahi Central Library, University of Rajshahi   02/05/2006 Paragon Enterprise Lit., Dhaka 16.00   103 ANH 1992 25/07/2016 C-2 Books